000 00587nam a2200241Ia 4500
005 20251020182448.0
008 200515s9999 xx 000 0 und d
020 _a978-84-252-2223-8
082 _a608.6:307/C18
100 _aCalvera, Anna
245 0 _ade lo bello de las cosas : Materiales para una estadística del diseño
260 _aBarcelona
260 _bGustavo Gili
260 _c2007
300 _a222
300 _bil.
490 _aColección GC Diseño
500 _a1 ejemplar
650 _aDISEÑO
650 _aESTETICA
942 _cLIB
999 _c755
_d755